Bongouanou, C^ote d'Ivoire : (Record no. 172715)
[ view plain ]
| 000 -LEADER | |
|---|---|
| fixed length control field | 00905cam7a220021700 4500 |
| 001 - CONTROL NUMBER | |
| control field | tmp15294487 |
| 003 - CONTROL NUMBER IDENTIFIER | |
| control field | UPRA |
| 005 - DATE AND TIME OF LATEST TRANSACTION | |
| control field | 20190826203505.0 |
| 008 - FIXED-LENGTH DATA ELEMENTS--GENERAL INFORMATION | |
| fixed length control field | 950728s1960 fr fre u |
| 035 ## - SYSTEM CONTROL NUMBER | |
| System control number | (Sirsi) r107133 |
| 035 ## - SYSTEM CONTROL NUMBER | |
| System control number | (UPRA)tmp15294487 |
| 040 ## - CATALOGING SOURCE | |
| Transcribing agency | UPRA |
| 100 1# - MAIN ENTRY--PERSONAL NAME | |
| Personal name | Boutillier, J. L. (Jean Louis) |
| Fuller form of name | Boutillier, J. L. (Jean Louis) |
| Linkage | A64820.1 |
| 245 10 - TITLE STATEMENT | |
| Title | Bongouanou, C^ote d'Ivoire : |
| Remainder of title | etude socio-economique d'une subdivision / |
| Statement of responsibility, etc. | Avec la collaboration de Jean Causse ; preface [de] H. Deschamps. |
| 260 ## - PUBLICATION, DISTRIBUTION, ETC. | |
| Place of publication, distribution, etc. | Paris : |
| Name of publisher, distributor, etc. | Editions Berger-Levrault, |
| Date of publication, distribution, etc. | 1960. |
| 440 #0 - SERIES STATEMENT/ADDED ENTRY--TITLE | |
| Title | Homme d'outre-mer. Nouv. ser. ; |
| Name of part/section of a work | Homme d'outre-mer. Nouv. ser. ; |
| Volume/sequential designation | no. 2 |
| Linkage | S8466.1 |
| 504 ## - BIBLIOGRAPHY, ETC. NOTE | |
| Bibliography, etc. note | Bibliography: p. [219]. |
| 651 #0 - SUBJECT ADDED ENTRY--GEOGRAPHIC NAME | |
| Geographic name | Bongouanou (Ivory Coast) -- Social conditions. |
| General subdivision | Bongouanou (Ivory Coast) -- Social conditions. |
| Linkage | S50157.1 |
| 949 ## - LOCAL PROCESSING INFORMATION (OCLC) | |
| a | HN810 |
| w | lcc |
| i | -152594 |
| m | MAIN |
| t | BOOK |
| l | ON-SHELF |
No items available.